000 00530nam a22001937a 4500
003 KOHA_MİRAKIL
005 20251124084524.0
008 251124b tu ||||| |||| 00| 0 tur d
020 _a9786051723280
040 _aTR-AnABB
_btur
_cTR-AnABB
041 _atur
082 _a828.334
_bLON 2019
100 1 _aLondon, Jack,
245 1 0 _aAtalarının tanrısı /
_cJack London
260 _aİstanbul :
_bYordam Kitap,
_c2019
300 _a224 sayfa ;
_c20 cm
650 0 4 _aAmerikan edebiyatı, roman
942 _2ddc
_cBK
999 _c9586
_d9586
900 _bGizem YORULMAZ